| 000 | 01777nam0a2200349 4500 | ||
|---|---|---|---|
| 001 | RU\NLR\BIBL_A\012750780 | ||
| 005 | 20260407090717.0 | ||
| 035 | _a(NLR Aleph) 012750780 | ||
| 090 |
_a13031319 _c13031319 |
||
| 100 | _a20220404d1977 |||y0rusy50 ca | ||
| 101 | 0 | _arus | |
| 102 | _aRU | ||
| 105 | _ay|||b|||001zy | ||
| 181 | 0 |
_ai _baxxe |
|
| 182 | 0 | _an | |
| 200 | 1 |
_aЛеонид Афанасьевич Жданов (1890-1974) _fВсесоюзная академия сельскохозяйственных наук имени В.И. Ленина, Центральная научная сельскохозяйственная библиотека _gсоставители: Ф.К. Невядомская, Л.Г. Шляшкина _gредактор: И.А. Гар |
|
| 203 |
_aТекст _bвизуальный _cнепосредственный |
||
| 210 |
_aМосква _c[б. и.] _d1977 |
||
| 215 |
_a20 с. _d22 |
||
| 225 | 1 | _aМатериалы к биобиблиографии деятелей сельскохозяйственной науки | |
| 225 | 1 | _aБиобиблиография деятелей сельскохозяйственной науки | |
| 320 | _aУказ. трудов: с. 5-14 | ||
| 320 | _aАлф. указ.: с. 17-20 | ||
| 700 | 1 |
_aНевядомская _bФ. К. _gФрида Касрыловна |
|
| 702 | 1 |
_aЖданов _bЛ. А. _f1890-1974 _gЛеонид Афанасьевич _4280 |
|
| 712 | 0 | 2 |
_4220 _aЦентральная научная сельскохозяйственная библиотека _cМосква _9303154 _3RU\NLR\AUTH\8814932 |
| 852 |
_aNLR _j641/Ж-42 |
||
| 942 | _cBOOK | ||
| 980 | _aNB | ||